Family violence against children: a challenge for society

Saved in:  
Bibliographic Details
Corporate Authors: Zentrum für Interdisziplinäre Forschung (Other) ; Sonderforschungsbereich Prävention und Intervention im Kindes- und Jugendalter (Other)
Contributors: Frehsee, Detlev 1945-2001 (Other)
Format: Print Book
Language:English
Published: Berlin [u.a.] de Gruyter 1996
In: Prävention und Intervention im Kindes- und Jugendalter (19)
Year: 1996
Online Access: Table of Contents
Table of Contents
Availability in Tübingen:Present in Tübingen.
IFK: C II 360
UB: KB 19 A 5396
Check availability: HBZ Gateway
Subito Delivery Service: Order now.
Volumes / Articles:Show volumes/articles.
Keywords:

MARC

LEADER 00000cam a2200000 c 4500
001 213901714
003 DE-627
005 20260304133726.0
007 tu
008 960809s1996 gw ||||| 00| ||eng c
015 |a 96,N34,0148  |2 dnb 
015 |a 96,A42,0293  |2 dnb 
016 7 |a 948108827  |2 DE-101 
020 |a 3110149966  |q  (Pp.) 
035 |a (DE-627)213901714 
035 |a (DE-603)05012921X 
035 |a (DE-576)054010527 
035 |a (DE-599)DNB948108827 
035 |a (OCoLC)845238254 
035 |a (OCoLC)35145956 
035 |a (OCoLC)613611796 
035 |a (JUB)b10582538 
040 |a DE-627  |b ger  |c DE-627  |e rakwb 
041 |a eng 
044 |c XA-DE  |c XD-US 
050 0 |a HV6626.5 
072 7 |a PSY003000  |2 bisacsh 
072 7 |a SOC026000  |2 bisacsh 
082 0 |a 362.7/6 
082 0 |a 362.76  |q LoC  |2 DDC20oclc 
084 |a 14  |a 11  |a 19  |2 sdnb 
084 |a 2,1  |2 ssgn 
084 |a PH 8740  |2 rvk  |0 (DE-625)rvk/136517: 
084 |a CV 3500  |2 rvk  |0 (DE-625)rvk/19155: 
084 |a MS 1960  |2 rvk  |0 (DE-625)rvk/123626: 
084 |a 71.35  |2 bkl 
084 |a 71.21  |2 bkl 
090 |a a 
245 0 0 |a Family violence against children  |b a challenge for society  |c ed. by Detlev Frehsee ... 
264 1 |a Berlin [u.a.]  |b de Gruyter  |c 1996 
300 |a VIII, 204 S.  |b graph. Darst.  |c 25 cm 
336 |a Text  |b txt  |2 rdacontent 
337 |a ohne Hilfsmittel zu benutzen  |b n  |2 rdamedia 
338 |a Band  |b nc  |2 rdacarrier 
490 1 |a Prevention and intervention in childhood and adolescence  |v 19 
500 |a Literaturangaben 
546 |a Some chapters are translations 
583 1 |a Archivierung prüfen  |c 20240324  |f DE-4165  |z 3  |2 pdager 
650 0 7 |0 (DE-588)4016397-0  |0 (DE-627)104427175  |0 (DE-576)208915818  |a Familie  |2 gnd 
650 0 7 |0 (DE-588)4030550-8  |0 (DE-627)104360100  |0 (DE-576)208988165  |a Kind  |2 gnd 
650 0 7 |0 (DE-588)4157237-3  |0 (DE-627)105502421  |0 (DE-576)209832878  |a Gewalttätigkeit  |2 gnd 
650 0 7 |0 (DE-588)4055719-4  |0 (DE-627)106157027  |0 (DE-576)209115106  |a Soziale Kontrolle  |2 gnd 
653 0 |a a  |a Child abuse  |a Congresses 
653 0 |a a  |a Child abuse  |a Prevention  |a Congresses 
653 0 |a a  |a Child abuse  |a Law and legislation  |a Congresses 
655 7 |a Konferenzschrift  |y 1994  |z Bielefeld  |0 (DE-588)1071861417  |0 (DE-627)826484824  |0 (DE-576)433375485  |2 gnd-content 
689 0 0 |d s  |0 (DE-588)4016397-0  |0 (DE-627)104427175  |0 (DE-576)208915818  |a Familie  |2 gnd 
689 0 1 |d s  |0 (DE-588)4030550-8  |0 (DE-627)104360100  |0 (DE-576)208988165  |a Kind  |2 gnd 
689 0 2 |d s  |0 (DE-588)4723056-3  |0 (DE-627)365816949  |0 (DE-576)21575591X  |a Häusliche Gewalt  |2 gnd 
689 0 3 |d s  |0 (DE-588)4055719-4  |0 (DE-627)106157027  |0 (DE-576)209115106  |a Soziale Kontrolle  |2 gnd 
689 0 |5 DE-101 
700 1 |a Frehsee, Detlev  |d 1945-2001  |0 (DE-588)124533671  |0 (DE-627)363403019  |0 (DE-576)161003370  |4 oth 
710 2 |a Zentrum für Interdisziplinäre Forschung  |0 (DE-588)9671-4  |0 (DE-627)100286011  |0 (DE-576)190201355  |4 oth 
710 2 |a Sonderforschungsbereich Prävention und Intervention im Kindes- und Jugendalter  |0 (DE-588)812091-2  |0 (DE-627)102615519  |0 (DE-576)192928791  |4 oth 
787 0 8 |i Forschungsdaten  |a Frehsee, Detlev, 1945 - 2001  |t Gewalt in der Familie und die Bedeutung von Recht  |d Köln : GESIS, 1997  |w (DE-627)1963404432 
830 0 |a Prävention und Intervention im Kindes- und Jugendalter  |v 19  |9 19  |w (DE-627)131104586  |w (DE-576)013449818  |w (DE-600)1119029-2  |7 am 
856 4 2 |u http://www.gbv.de/dms/hbz/toc/ht007286596.pdf  |m V:DE-605  |q pdf/application  |v 2008-11-15  |x Verlag  |y Inhaltsverzeichnis  |3 Inhaltsverzeichnis  |7 1 
856 4 2 |u http://scans.hebis.de/HEBCGI/show.pl?05012921_toc.pdf  |m V:DE-605  |q application/pdf  |3 Inhaltsverzeichnis  |7 1 
889 |w (DE-576)468664033 
935 |i sf 
935 |i Blocktest 
936 r v |a PH 8740  |b Schwangerschaftsabbruch; Gewalt in der Familie; Kindesmisshandlung; Selbstmord  |k Rechtswissenschaft  |k Strafrecht, Strafverfahrensrecht, Kriminologie  |k Kriminologie  |k Einzelne Deliktsgruppen  |k Gewaltkriminalität, Gewaltdelikt  |k Schwangerschaftsabbruch; Gewalt in der Familie; Kindesmisshandlung; Selbstmord  |0 (DE-627)1271948486  |0 (DE-625)rvk/136517:  |0 (DE-576)201948486 
936 r v |a CV 3500  |b Interpersonelle Kommunikation (verbale und nonverbale Kommunikation)  |k Psychologie  |k Sozialpsychologie  |k Interpersonelle Kommunikation (verbale und nonverbale Kommunikation)  |0 (DE-627)1437673694  |0 (DE-625)rvk/19155:  |0 (DE-576)36767369X 
936 r v |a MS 1960  |b Kinder (auch Adoption)  |k Soziologie  |k Spezielle Soziologien  |k Familiensoziologie  |k Kinder (auch Adoption)  |0 (DE-627)1271440962  |0 (DE-625)rvk/123626:  |0 (DE-576)201440962 
936 b k |a 71.35  |j Kindersoziologie  |j Jugendsoziologie  |0 (DE-627)106412698 
936 b k |a 71.21  |j Familie  |j Verwandtschaft  |x Soziologie  |0 (DE-627)106416588 
936 s n |a m200  |2 mzub 
936 s n |a c200  |2 mzub 
936 s n |a p100  |2 mzub 
938 1 0 |0 (DE-627)1756185603  |0 (DE-615)6610214  |a Familie  |2 fivt 
938 1 0 |0 (DE-627)1756139539  |0 (DE-615)6604230  |a Kinder  |2 fivt 
938 1 0 |0 (DE-627)1756137838  |0 (DE-615)6604009  |a Soziale Kontrolle  |2 fivt 
951 |a BO 
ELC |b 1 
LOK |0 000 xxxxxcx a22 zn 4500 
LOK |0 001 3140315309 
LOK |0 003 DE-627 
LOK |0 004 213901714 
LOK |0 005 20020612000000 
LOK |0 008 970214||||||||||||||||ger||||||| 
LOK |0 040   |a DE-21  |c DE-627  |d DE-21 
LOK |0 852   |a DE-21 
LOK |0 852 1  |c KB 19 A 5396  |9 00 
LOK |0 935   |a krim 
LOK |0 936ln  |a k10.10.2 
LOK |0 939   |a 14-02-97  |b l01 
LOK |0 000 xxxxxcx a22 zn 4500 
LOK |0 001 3140315430 
LOK |0 003 DE-627 
LOK |0 004 213901714 
LOK |0 005 20020607000000 
LOK |0 008 970411||||||||||||||||ger||||||| 
LOK |0 040   |a DE-21-110  |c DE-627  |d DE-21-110 
LOK |0 852   |a DE-21-110 
LOK |0 852 1  |c C II 360  |m p  |9 00 
LOK |0 935   |a k110 
LOK |0 936ln  |a 10.10 
LOK |0 938   |k p 
LOK |0 939   |a 11-04-97  |b l01 
LOK |0 000 xxxxxcx a22 zn 4500 
LOK |0 001 3140315449 
LOK |0 003 DE-627 
LOK |0 004 213901714 
LOK |0 005 20080826103733 
LOK |0 008 080826||||||||||||||||ger||||||| 
LOK |0 040   |a DE-21-1  |c DE-627  |d DE-21-1 
LOK |0 541   |e 97/27 
LOK |0 689   |a s  |a Kind : Gewalt (Prävention, Intervention) 
LOK |0 689   |a s  |a Kind : Sexueller Mißbrauch 
LOK |0 852   |a DE-21-1 
LOK |0 852 1  |c PJ 1 Fre  |m p  |9 00 
LOK |0 935   |a k001  |a i001  |a kneu 
LOK |0 938   |k p 
LOK |0 939   |a 26-08-08  |b l01 
LOK |0 000 xxxxxcx a22 zn 4500 
LOK |0 001 3140316224 
LOK |0 003 DE-627 
LOK |0 004 213901714 
LOK |0 005 19961209000000 
LOK |0 008 961014||||||||||||||||ger||||||| 
LOK |0 040   |a DE-Frei85  |c DE-627  |d DE-Frei85 
LOK |0 852   |a DE-Frei85 
LOK |0 852 1  |m p  |9 00 
LOK |0 938   |k p 
LOK |0 939   |a 14-10-96  |b l01 
ORI |a WA-MARC-krimdoka001.raw 
SIG |a IFK: C II 360 
SIG |a UB: KB 19 A 5396 
SPR |a 1  |t KRI 
TIM |a 100019940101_100019941231  |b 1994 - 1994